000 00694nam a2200229 i 4500
001 bg
100 1 _aFURMANEK, Waldemar
245 1 0 _aJutro edukacji technicznej /
_cWaldemar Furmanek.
260 _aRzeszów :
_bWydawnictwo Uniwersytetu Rzeszowskiego,
_c2007.
300 _a426, [1] s. ;
_c24 cm.
504 _aBibliogr.
650 9 _aKształcenie politechniczne
650 9 _aTechnika
_xnauczanie
020 _a9788373382633
040 _cBPK
041 0 _apol
080 _a372.862
920 _a978-83-7338-263-3
942 _cKS
008 s pl f |000 0 pol
999 _c53130
_d53130
856 _uhttp://koha.tu.koszalin.pl/cgi-bin/koha/opac-detail.pl?biblionumber=53130
_yKatalog online BPK